000 00329pab a2200133 454500
008 180718b2005 xxu||||| |||| 00| 0 eng d
100 _aDerian, James Der
245 _aImaging terror: logos, pathos and ethos
260 _c2005
300 _ap.23-37.
650 _aTerrorism
773 _aThird World Quarterly
909 _a65300
999 _c65300
_d65300